00492cam a22001457a 4500008004000000082001500040100002000055245008700075250001200162260002500174300001000199650003200209999001900241952008600260180718b1989 xxu||||| |||| 00| 0 eng d aZ053 R88 R aCrooke, William aRural and agricultural glossary for the N.W. Provinces and Oudhcby William Crooke a2nd ed. aGurgaonbVipinc1989 a285p. aAgriculture - Dicitionaries c353071d353071 00104070aIIPAbIIPAd1993-11-28oZ053 R88 Rp64615r2018-07-21w2018-07-21yBK